The Easel Man/ (Record no. 201885)
[ view plain ]
| 000 -LEADER | |
|---|---|
| fixed length control field | 00558nam a22002057a 4500 |
| 005 - DATE AND TIME OF LATEST TRANSACTION | |
| control field | 20240402130520.0 |
| 010 ## - LCCN (DPL NO) | |
| LC control number | ENG-140008 |
| 020 ## - INTERNATIONAL STANDARD BOOK NUMBER | |
| International Standard Book Number | 9788194181989 |
| Terms of availability | 300.00 |
| 035 ## - SYSTEM CONTROL NUMBER | |
| System control number | EN-123540 |
| 037 ## - SOURCE OF ACQUISITION | |
| Source of stock number/acquisition | DBAD/PUB |
| 100 ## - MAIN ENTRY--PERSONAL NAME | |
| Personal name | Janeja,Harikiran |
| 245 ## - TITLE STATEMENT | |
| Title | The Easel Man/ |
| Statement of responsibility, etc | Harikiran Janeja |
| 260 ## - PUBLICATION, DISTRIBUTION, ETC. (IMPRINT) | |
| Place of publication, distribution, etc | kolkata |
| Name of publisher, distributor, etc | Write Workshop |
| 270 ## - ADDRESS | |
| Address | C-532,Lake Garden |
| City | Kolkata |
| Postal code | 700045 |
| 300 ## - PHYSICAL DESCRIPTION | |
| Extent | 86pg; |
| Dimensions | 22cm(Pb) |
| 700 ## - ADDED ENTRY--PERSONAL NAME | |
| Personal name | Janeja,Harikiran |
| 9 (RLIN) | 64171 |
| 710 ## - ADDED ENTRY--CORPORATE NAME | |
| 9 (RLIN) | 63792 |
| 710 ## - ADDED ENTRY--CORPORATE NAME | |
| 9 (RLIN) | 63793 |
| 942 ## - ADDED ENTRY ELEMENTS (KOHA) | |
| Source of classification or shelving scheme | Dewey Decimal Classification |
| Item type | English Books |
| Classification part | 881 |
| Call number suffix | JAN |
No items available.
